| 000 | 01073nam a22002177a 4500 | ||
|---|---|---|---|
| 005 | 20260212082008.0 | ||
| 008 | 240902b ||||| |||| 00| 0 eng d | ||
| 082 | _aDPer 796.07 J826 July-October 2019 January-April 2020 v. 38, 39 n. 4, 1-2 | ||
| 100 |
_aPennington, Colin G. _eauthor. _959759 |
||
| 245 |
_aImpact of a physical education teacher's age on elementary school students' perceptions of effectiveness and learning / _cColin G. Pennington, Matthew D. Curtner-Smith, and Stefanie A. Wind. |
||
| 260 |
_aChampaign, Illinois ; _bHuman Kinetics, Inc. , _cOctober 2019. |
||
| 300 |
_aVolume 38, pages 279-285 : _billustration ; _c28 cm. |
||
| 500 | _aJournal of Teaching in Physical Education, vol. 38, no. 4, pages 279-285, October 2019. | ||
| 650 | 0 |
_aAge differences. _967055 |
|
| 650 | 0 |
_aInstructional effectiveness. _964936 |
|
| 650 | 0 |
_aTeacher-student relationship. _948652 |
|
| 700 |
_aPennington, Colin G. _eauthor. _959759 |
||
| 700 |
_aCurtner-Smith, Matthew D. _eauthor. _959760 |
||
| 700 |
_aWind, Stefanie A. _eauthor. _959761 |
||
| 942 |
_2ddc _cPER |
||
| 999 |
_c21164 _d21164 |
||